The World Bank annual report 1980
Guardado en:
| Formato: | Libro |
|---|---|
| Lenguaje: | inglés |
| Publicado: |
Washington, D.C.
The World Bank
1983
|
| Etiquetas: |
Sin Etiquetas, Sea el primero en etiquetar este registro!
|
MARC
| LEADER | 00000nam a2200000 4500 | ||
|---|---|---|---|
| 001 | c141068 | ||
| 005 | 20260306123526.8 | ||
| 041 | 0 | |a eng | |
| 044 | |a US | ||
| 245 | 1 | 0 | |a The World Bank annual report 1980 |
| 264 | 1 | |a Washington, D.C. |b The World Bank |c 1983 | |
| 300 | |a 200 s. | ||